000
00334 a2200169 4500
001
188600
020
_a
85-7715-013-5
040
_c
Magnum
100
_a
Freire, José da Rocha
240
1
0
_a
Cordel
_l
por
245
1
0
_a
Cordel
300
_a
158
362
0
_a
2005
440
1
_a
Hedra
697
_a
LITERATURA GERAL
942
_c
BK
999
_c
188600
_d
188600